000 00585npc a2200205Ia 4500
001 dd29-41723
003 IT-MiCISF
008 161014s9999||||xx | und||
040 _aIT-MiCISF
_cIT-MiCISF
041 _ait
100 _aAA.VV.
245 0 _aProfili e organizzazione dei tempi di vita delle madri sole in Italia
250 _a1a ed.
260 _a Roma
_bIstat
_c2005
300 _app. 9
500 _aIstituto Nazionale di Statistica / madre-sola, madre-lavoratrice, ritmi-familiari /
650 _agenitorialità
942 _cDD
957 _71
999 _a41723
_bsi
_g1
_c208178
_d208178